Регионална библиотека "Любен Каравелов" - Русе

Световната литература, разказана за деца и юноши (Запис номер 67265)

MARC детайли
000 -Лидер
Контролно поле с фиксирана дължина 02032nam a2200385 c 4500
003 - Код на организацията, давaща контролен номер
Контролно поле BLK
005 - Дата и час на последна редакция
Контролно поле 20250517104848.0
008 - Елементи от данни с фиксирана дължина
fixed length control field 180408b bul|||||r ||||||| ||bul||
010 ## - Наследен системен номер
LC control number KNG00071575000
020 ## - Международен стандартен номер на книга ISBN
Международен стандартен номер на книга ISBN 954-439-860-6
-- издат.: Слово - на том(т. 1)
040 ## - Източник на каталожния запис
Идентификатор на билиотеката - собственик на записа BLK
041 ## - Код за език
Код за езика на текст/звукозапис или на отделно заглавие Български
Код за езика КДБФ Български
080 ## - УДК
Текстов определител УДК Литература на отделни езици и езикови семейства
УДК код - определител по УДК 821
УДК определител -93-91
УДК - код + определител 821-93-91
100 1# - Редна дума - Автор
Автор Янев, Владимир
Авторска отговорност първи автор
Автор - информация (биография) Иванов, Владимир Янев
R(LIN) 368066
139 ## - Редно поле
Редна дума Янев, Владимир
Авторски знак Яне - Я 54
245 10 - Сведения за заглавието
Заглавие Световната литература, разказана за деца и юноши
Подзаглавни данни Т. 1 -
Редно поле (дума) Владимир Янев.
Том Т. 1
Заглавие на том Древни литератури - египетска, асиро-вавилонска, индийска, китайска, гръцка, римска
257 ## - Страна на издаване
Страна на създаване/издаване България
260 ## - Област на издателските данни
-- В. Търново
Година на издаване 2006 -
Печатница В. Търново : Абагар
300 ## - Физическа характеристика
Размери/Мащаб 23 см
380 ## - Жанр
Жанр Детска отраслова лит.
500 ## - Общи забележки
Забележка Офс. изд.
505 ## - Форматирана забележка
Подзаглавни данни
Авторската отговорност
Заглавие Средновековни литератури - европейска, арабска, персийско-таджикска, грузинска
505 ## - Форматирана забележка
Подзаглавни данни
Авторската отговорност
Заглавие Западноевропейски Ренесанс
653 ## - Ключова дума – ненормативна
Ключова дума световна литература
653 ## - Ключова дума – ненормативна
Ключова дума адаптирани книги
653 ## - Ключова дума – ненормативна
Ключова дума литература за деца
653 ## - Ключова дума – ненормативна
Ключова дума детска литература
760 1# - Описание на основната серия
-- - на том(т. 1)
Редна дума на основното описание Янев, Владимир
Място на издаване, издател и година Слово, 2006
Страници - том 320 с.
Забележка - том Съдържа и За автора на тази книга.
Заглавие Т. 1 Древни литератури - египетска, асиро-вавилонска, индийска, китайска, гръцка, римска
852 ## - Местоположение
Форматна сигнатура Цб 231438
856 4# - Електронен адрес и достъп
Електронен формат pdf - файл
Път до файла /url/
856 4# - Електронен адрес и достъп
Електронен формат pdf - файл
Път до файла /url/
942 ## - АРТИКУЛИ
Вид на библиотечния материал Книги
Скрит в OPAC Не
Koha issues (borrowed), all copies 3
944 ## - СЪЗДАВАНЕ И РЕДАКЦИЯ на ЗАПИСА
Създаване/Редакция Създаване
Дата на регистрацията/редакция 13.02.2007
Служител, извършил регистрацията/редакцията 30549
Статус, дата на статуса Вася Ганчева
944 ## - СЪЗДАВАНЕ И РЕДАКЦИЯ на ЗАПИСА
Създаване/Редакция Редакция
Дата на регистрацията/редакция 15.10.2007
Служител, извършил регистрацията/редакцията
999 ## - СИСТЕМНИ КОНТРОЛНИ НОМЕРА
Koha biblionumber 67265
Koha biblioitemnumber 67265
Наличности
Код за отписване Код за изгубен артикул Източник на класификационната схема Код за повреда Коз за рестрикции Код за отдаване Артикулен № Име на библиотеката - собственик Име на библиотеката, в която се намира в момента Статус (Текущо местоположение) Дата на вписване в системата Местоположение - отдел Цена в лева Инвентарен номер Систематично азбучна сигнатура Баркод Номер на екземпляра Цена в евро Служебна бележка Служебен тип на артикула
  Не е изгубен Universal Decimal Classification Не е повреден без рестрикции заемане за дома 111255 Регионална библиотека "Любен Каравелов" Русе Регионална библиотека "Любен Каравелов" Русе Детски отдел 2007-02-13 Детски отдел 6.50 120000709636 ДН 821.09/Я 54 120000709636 1 3.32 Дост: Pk Вид: Ф N: 1668 Дата: 09.02.2007 Дата инв: 24.08.2015 Бележки инв: Д2015 Книги
  Не е изгубен Universal Decimal Classification Не е повреден без рестрикции заемане за дома 111256 Регионална библиотека "Любен Каравелов" Русе Регионална библиотека "Любен Каравелов" Русе Детски отдел 2007-02-13 Детски отдел 6.50 120000709637 ДН 821.09/Я 54 120000709637 2 3.32 Дост: Pk Вид: Ф N: 1668 Дата: 09.02.2007 Дата инв: 24.08.2015 Бележки инв: Д2015 Книги
  Не е изгубен   Не е повреден без рестрикции ползва се в читалня 111257 Регионална библиотека "Любен Каравелов" Русе Регионална библиотека "Любен Каравелов" Русе Хранилище 2007-10-15 Хранилище 6.50 120000718311 Цб 231438 120000718311 3 3.32 Дост: Dp Вид: Д N: 20 Дата: 26.04.2007 Книги
Vip Innovations Ltd, Rousse, Bulgaria 2025